000 00914nam a2200289 a 4500
008
020 _a0078813026 (pbk.)
049 _aMAIN
090 _aQA76.73.P76
100 1 _aRich, Kelly.
245 1 0 _aUsing Turbo prolog /
_cKelly Rich and Phillip R. Robinson.
250 _a2nd ed.
260 _aBerkeley, Calif. :
_bOsborne McGraw-Hill,
_cc1988.
300 _axvi, 369 p. :
_bill. ;
_c24 cm.
440 0 _aBorland-Osborne/McGraw-Hill programming series .
500 _aRobinson is the author of the 1st ed.
500 _aIncludes index.
650 0 _aProlog (Computer program language).
650 0 0 _aTurbo prolog.
700 1 _aRobinson, Phillip R.
830 0 _aBorland-Osborne/McGraw-Hill business series
907 _a.b10046082
_b29-05-04
_c17-04-03
003
005 20230123133520.0
040 _cNUST
942 _cBOOKS
_kQA76.73.P76
999 _c149939
_d149939